| Tag |
First Indicator |
Second Indicator |
Subfields |
| LEADER |
00000uam a2200000 a 4500 |
| 001 |
in00004139621 |
| 005 |
20260122215457.1 |
| 006 |
m o d |
| 007 |
cr cn |
| 008 |
080513s2011 xx o eng |
| 020 |
|
|
|z 9780132835916
|
| 020 |
|
|
|z 0132835894
|
| 020 |
|
|
|z 9780132835893
|
| 020 |
|
|
|z 0132835916
|
| 035 |
|
|
|a (CaSebORM)9780132835916
|
| 040 |
|
|
|d UtOrBLW
|
| 041 |
0 |
|
|a eng
|
| 100 |
1 |
|
|a Putney, Justin,
|e author.
|0 http://id.loc.gov/authorities/names/no2010154053
|
| 245 |
1 |
0 |
|a CS5.5 Update :
|b Animation with Scripting for Adobe Flash Professional CS5 Studio Techniques /
|c Putney, Justin.
|
| 250 |
|
|
|a 1st edition.
|
| 264 |
|
1 |
|b Adobe Press,
|c 2011.
|
| 300 |
|
|
|a 1 online resource (1 pages)
|
| 336 |
|
|
|a text
|b txt
|2 rdacontent
|
| 337 |
|
|
|a computer
|b c
|2 rdamedia
|
| 338 |
|
|
|a online resource
|b cr
|2 rdacarrier
|
| 347 |
|
|
|a text file
|
| 520 |
|
|
|a This update covers many of the new features available in Flash Professional CS5.5. Like the rest of Animation with Scripting for Adobe Flash Professional CS5 Studio Techniques , this update is heavily tilted toward features in Flash that will affect animators. . The Flash CS5.5 update is largely focused on development and deployment for new devices, primarily mobile devices. Mobile devices are somewhat limited in terms of performance when compared to desktop computers, but Flash CS5.5 provides several new features to help you optimize the performance of your applications on mobile devices. Additionally, Flash CS5.5 delivers a few small, but long-awaited and heavily requested usability improvements.
|
| 533 |
|
|
|a Electronic reproduction.
|b Boston, MA :
|c Safari,
|n Available via World Wide Web.
|d 2011.
|
| 538 |
|
|
|a Mode of access: World Wide Web.
|
| 542 |
|
|
|f © 2011 by Adobe Press
|g 2011
|
| 588 |
|
|
|a Online resource; Title from title page (viewed May 9, 2011)
|
| 500 |
|
|
|a Electronic resource.
|
| 655 |
|
7 |
|a Electronic books.
|2 local
|
| 710 |
2 |
|
|a Safari, an O'Reilly Media Company.
|
| 856 |
4 |
0 |
|u https://proxy.library.tamu.edu/login?url=https://go.oreilly.com/TAMU/library/view/-/9780132835916/?ar
|z Connect to this electronic resource
|t 0
|
| 999 |
f |
f |
|s cd830f49-edd5-3038-920d-346b819231df
|i 358cf80f-635a-3438-8286-cc42db845597
|t 0
|
| 952 |
f |
f |
|a Texas A&M University
|b College Station
|c Electronic Resources
|s www_evans
|d Available Online
|t 0
|h No information provided
|
| 998 |
f |
f |
|t 0
|l Available Online
|